Modelovanie ekonomických procesov I

Salvato in:
Dettagli Bibliografici
Autore principale: Husár, Jaroslav
Ente Autore: Ekonomická univerzita v Bratislave. Fakulta hospodárskej informatiky
Altri autori: Szomolányi, Karol, 1976-
Natura: Libro
Lingua:slovacco
Pubblicazione: Bratislava Vydavateľstvo EKONÓM 2005
Soggetti:
Tags: Aggiungi Tag
Nessun Tag, puoi essere il primo ad aggiungerne!!

MARC

LEADER 00000nam$a2200000$$$4500
001 0036919
005 20240502071453.4
020 |a 80-225-2082-9 
041 0 |a slo 
044 |a SK 
245 1 0 |a Modelovanie ekonomických procesov I  |c Jaroslav Husár, Karol Szomolányi 
264 1 |a Bratislava  |b Vydavateľstvo EKONÓM  |c 2005 
300 |a 224 s. [18 AH] 
610 2 0 |a modelovanie ekonometrické 
610 2 0 |a investície 
610 2 0 |a teória investícií 
610 2 0 |a kapitál 
610 2 0 |a výroba 
610 2 0 |a optimalizácia 
610 2 0 |a dynamika ekonomiky 
610 2 0 |a cykly hospodárske 
610 2 0 |a modely investícií 
610 2 0 |a modely rastu 
610 2 0 |a modely ekonomicko-matematické 
610 2 0 |a analýzy 
100 1 |a Husár, Jaroslav 
700 1 |a Szomolányi, Karol, 1976- 
710 2 |a Ekonomická univerzita v Bratislave. Fakulta hospodárskej informatiky